Extensió d' Ensenyament Tècnic : (escola postal de la Generalitat de Catalunya) : estudis de mecànica, d'electricitat i ensenyaments agrícoles per correspondència (escola postal de la Generalitat de Catalunya) :
Descripción Física:
23 p. ; 21 cm
MARC
| LEADER | 00000nam a2200000Ia 4500 | ||
|---|---|---|---|
| 001 | 7763 | ||
| 008 | 160829s9999 xx 000 0 cat d | ||
| 080 | |a RF-5-38 | ||
| 100 | |a Catalunya. Extensió d'Ensenyament Tècnic |9 20004 | ||
| 245 | |a Extensió d' Ensenyament Tècnic : |b (escola postal de la Generalitat de Catalunya) : |b estudis de mecànica, d'electricitat i ensenyaments agrícoles per correspondència | ||
| 260 | |a Barcelona : |b (Impr. Altés), [s.a.] | ||
| 300 | |a 23 p. ; |c 21 cm | ||
| 650 | |a Catalunya. Extensió d'Ensenyament Tècnic |x Currículums |9 33042 | ||
| 650 | |a Cursos per correspondència |9 33043 | ||
| 856 | 4 | |u https://media.diba.cat/diba/fitxers/arxiu/fulletons/bib_7763_baixa.pdf |y Accés lliure | |
| 856 | 4 | |u https://media.diba.cat/diba/fitxers/arxiu/fulletons/bib_7763_baixa.pdf |y Accés lliure | |
| 901 | |a Arxiu | ||
| 942 | |n 1 |2 udc | ||
| 952 | |0 0 |1 0 |4 0 |6 RF538 |7 1 |9 46185 |a Arxiu |b Arxiu |d 2016-12-01 |l 0 |o RF-5-38 |p 7763 |r 2016-12-01 00:00:00 |w 2016-12-01 |y ARXIU | ||
| 999 | |c 49687 |d 49687 | ||
| 900 | |a bib_7763_baixa.pdf | ||